000 00536nam a2200133Ia 4500
005 20260209120153.0
008 260209s9999||||xx |||||||||||||| ||und||
100 _aKoppala Nikhil
245 2 _aA critical analysis of taxation in digital economy : challenges and implications of OECD pillar one
260 _aBangaloreBangalore
_bNLSIU, Bangalore
_c2024 - 2025
300 _a37 p. ; 25 cm.
700 _aDr. Ashrita Prasad Kotha - SupervisorDr. Ashrita Prasad Kotha - Supervisor
856 _uhttps://dans.nls.ac.in/handle/123456789/2508
999 _c217800
_d217800